La literatura en las cartografías regionales del Cono Sur /
Shranjeno v:
| Glavni avtor: | |
|---|---|
| Format: | Elektronski eKnjiga |
| Jezik: | španščina |
| Izdano: |
Madrid : Frankfurt am Main :
Iberoamericana ; Vervuert,
2010.
|
| Serija: | Colección Nexos y diferencias ;
no. 30. |
| Teme: | |
| Online dostop: | Digitalia Hispánica |
| Oznake: |
Označite
Brez oznak, prvi označite!
|
MARC
| LEADER | 00000nam a2200000Ii 4500 | ||
|---|---|---|---|
| 001 | DIGIBE0430 | ||
| 003 | NyNyDIG | ||
| 006 | m o d | ||
| 007 | cr ||||||||||| | ||
| 008 | 130201s2010 sp a ob 000 0 spa d | ||
| 020 | |a 9783865278296 |q (eBook) | ||
| 020 | |z 9788484895411 |q (Iberoamericana) | ||
| 020 | |z 8484895416 |q (Iberoamericana) | ||
| 020 | |z 386527580x |q (Vervuert) | ||
| 020 | |z 9783865275806 |q (Vervuert) | ||
| 035 | |a (OCoLC)892430390 | ||
| 040 | |a DGITA |b eng |e pn |c DGITA | ||
| 043 | |a cl----- | ||
| 050 | 1 | 4 | |a PQ7081 eBook |
| 100 | 1 | |a Guerrero, Jorge Carlos. | |
| 245 | 1 | 3 | |a La literatura en las cartografías regionales del Cono Sur / |c Jorge Carlos Guerrero. |
| 264 | 1 | |a Madrid : |b Iberoamericana ; |a Frankfurt am Main : |b Vervuert, |c 2010. | |
| 300 | |a 1 online resource (188 pages) : |b ill. | ||
| 336 | |a text |b txt |2 rdacontent | ||
| 337 | |a computer |b c |2 rdamedia | ||
| 338 | |a online resource |b cr |2 rdacarrier | ||
| 490 | 1 | |a Colección Nexos y diferencias ; |v 30. | |
| 504 | |a Includes bibliographical references (p. [175]-183) and index. | ||
| 610 | 2 | 0 | |a MERCOSUR (Organization) |x In literature. |
| 650 | 0 | |a Latin American literature |y 20th century |x Criticism and interpretation. | |
| 650 | 0 | |a Latin American literature |y 21st century |x Criticism and interpretation. | |
| 650 | 0 | |a Regionalism |z Latin America |x In literature. | |
| 655 | 0 | |a Electronic books. | |
| 791 | 2 | |a Digitalia (Firm), |e distributor. | |
| 830 | 0 | |a Colección Nexos y diferencias ; |v no. 30. | |
| 793 | 0 | |g Digitalia eBook Collection: |a Iberoamericana/Vervuert. | |
| 856 | 4 | 0 | |3 Digitalia Hispánica |u https://digitalia.unach.elogim.com/a/17714/ |
| 910 | |a Premium Collection: 2007-2012 | ||